Delimitation Commission : (Record no. 29345)

MARC details
000 -LEADER
fixed length control field 01140nam a22002775a 4500
005 - DATE AND TIME OF LATEST TRANSACTION
control field 20090820154820.0
008 - FIXED-LENGTH DATA ELEMENTS--GENERAL INFORMATION
fixed length control field 090328s2009 ii bf 000 0 eng
010 ## - LCCN (DPL NO)
LC control number ENG-94772
020 ## - INTERNATIONAL STANDARD BOOK NUMBER
International Standard Book Number 8180641562
Terms of availability 550.00
035 ## - SYSTEM CONTROL NUMBER
System control number EN-78305
037 ## - SOURCE OF ACQUISITION
Source of stock number/acquisition DBAD / PUB
040 ## - CATALOGING SOURCE
Original cataloging agency dpl
Language of cataloging English
082 ## - DEWEY DECIMAL CLASSIFICATION NUMBER
Classification number 328.33450954
100 ## - MAIN ENTRY--PERSONAL NAME
Personal name Cakrabartī, Biśvanātha
245 ## - TITLE STATEMENT
Title Delimitation Commission :
Remainder of title working and impact /
Statement of responsibility, etc by Biswanath Chakrabarty [and] Debashis Sen
260 ## - PUBLICATION, DISTRIBUTION, ETC. (IMPRINT)
Place of publication, distribution, etc Kolkata
Name of publisher, distributor, etc Progressive Publishers
Date of publication, distribution, etc 2009
270 ## - ADDRESS
Address 37A, College Street,
City Kolkata
Postal code 700073
300 ## - PHYSICAL DESCRIPTION
Extent 286 p., [23] leaves of plates :
Other physical details col. maps (1 folded map) ;
Dimensions 24cm(Hb)
610 ## - SUBJECT ADDED ENTRY--CORPORATE NAME
Corporate name or jurisdiction name as entry element India.
Subordinate unit Delimitation Commission
610 ## - SUBJECT ADDED ENTRY--CORPORATE NAME
Corporate name or jurisdiction name as entry element India.
Subordinate unit Parliament.
-- Lok Sabha
General subdivision Election districts
650 ## - SUBJECT ADDED ENTRY--TOPICAL TERM
Topical term or geographic name as entry element Election districts
Geographic subdivision India
700 ## - ADDED ENTRY--PERSONAL NAME
Personal name Sen. Debashis
710 ## - ADDED ENTRY--CORPORATE NAME
Corporate name or jurisdiction name as entry element India.
Subordinate unit Delimitation Commission.
942 ## - ADDED ENTRY ELEMENTS (KOHA)
Source of classification or shelving scheme Dewey Decimal Classification
Item type English Books
Call number suffix CHA
Classification part 328.33450954
Holdings
Withdrawn status Lost status Source of classification or shelving scheme Damaged status Not for loan Collection code Home library Current library Date acquired Source of acquisition Cost, normal purchase price Total Checkouts Full call number Barcode Date last seen Copy number Cost, replacement price Koha item type
    Dewey Decimal Classification   Not For Loan Non-fiction D.B.Act.Division D.B.Act.Division 20/08/2009 DBAD / PUB 550.00   328.33450954 CHA EN-78305 20/08/2009 1 550.00 English Books

© Delhi Public Library
Hit Counter
free hit counter